[Event "Reykjavik op"]
[Site "Reykjavik"]
[Date "2024.03.17"]
[Round "4"]
[White "Mannion, Stephen R"]
[Black "Omarsson, Josef"]
[Result "1-0"]
[WhiteElo "2166"]
[BlackElo "1803"]
[PlyCount "79"]
[EventDate "2024.03.15"]
[EventType "swiss"]
[EventRounds "9"]
[EventCountry "ISL"]
[SourceTitle "CB13_2024"]
[SourceDate "2024.03.27"]
[SourceVersion "1"]
[SourceVersionDate "2024.03.27"]
[SourceQuality "1"]

1. e4 c5 2. Nf3 Nc6 3. d4 cxd4 4. Nxd4 Nf6 5. Nc3 e5 6. Ndb5 d6 7. Nd5 Nxd5 8. exd5 Nb8 9. a4 Be7 10. Bd2 0-0 11. Be2 f5 12. a5 a6 13. Na3 f4 14. Nc4 Nd7 15. 0-0 Nf6 16. Nb6 Rb8 17. c4 Bf5 18. b4 Qe8 19. Rc1 Ne4 20. f3 Nxd2 21. Qxd2 Qh5 22. Bd3 Bd8 23. c5 Bxb6 24. axb6 Bxd3 25. Qxd3 Rfd8 26. Rfd1 Qf7 27. Qe4 Qe7 28. Rc2 Rdc8 29. Rdc1 Qd8 30. h3 Ra8 31. Kh2 a5 32. bxa5 Rxa5 33. cxd6 Rxc2 34. Qxc2 Qxd6 35. Qc8+ Kf7 36. Qf5+ Qf6 37. Rc7+ Kg8 38. Qc8+ Qf8 39. Qe6+ Kh8 40. Rc8 1-0

[Event "Belgrade Serbia op"]
[Site "Belgrade"]
[Date "2023.07.23"]
[Round "8"]
[White "Omarsson, Josef"]
[Black "Grozdanovic, Anastasia"]
[Result "0-1"]
[WhiteElo "1710"]
[BlackElo "1980"]
[PlyCount "120"]
[EventDate "2023.07.16"]
[EventType "swiss"]
[EventRounds "9"]
[EventCountry "SRB"]
[SourceTitle "EXT 2024"]
[Source "ChessBase"]
[SourceDate "2023.10.10"]
[SourceVersion "1"]
[SourceVersionDate "2023.10.10"]
[SourceQuality "1"]

1. d4 d5 2. c4 c6 3. Nc3 Nf6 4. Nf3 e6 5. e3 Nbd7 6. Bd3 dxc4 7. Bxc4 b5 8. Bd3 Bb7 9. e4 b4 10. Na4 c5 11. e5 Nd5 12. 0-0 cxd4 13. Nxd4 Be7 14. Qh5 g6 15. Qh3 0-0 16. Re1 Qa5 17. b3 Nc5 18. Nxc5 Bxc5 19. Nc2 Qb6 20. Qh4 a5 21. Bg5 Rfc8 22. Rac1 a4 23. Rf1 axb3 24. axb3 Ra2 25. Kh1 Rb2 26. Bc4 Ba6 27. Bxa6 Qxa6 28. Ne3 Nxe3 29. Bxe3 Bxe3 30. fxe3 Rf8 31. Qxb4 Qe2 32. Qe4 Rxb3 33. Rfe1 Qd2 34. Rcd1 Qa5 35. Ra1 Ra3 36. Rab1 Ra4 37. Qc6 Ra3 38. Qd6 Rd8 39. Qe7 Rad3 40. Qf6 Qd2 41. h3 Rf8 42. Qf4 Qa5 43. Ra1 Qd5 44. Rf1 Qc5 45. e4 Qe3 46. Qf3 Qxf3 47. gxf3 Rc8 48. Ra4 Rdc3 49. Kg2 R8c5 50. f4 Re3 51. Rf3 Rxe4 52. Kg3 Rc2 53. Ra1 Kg7 54. Rfa3 Rce2 55. Kf3 h5 56. Rb3 Re1 57. Ra2 Rc4 58. Kg3 Rf1 59. Raa3 Rfxf4 60. Rb7 h4+ 0-1

[Event "Belgrade Serbia op"]
[Site "Belgrade"]
[Date "2023.07.20"]
[Round "5"]
[White "Maksimovic, Miroslav"]
[Black "Omarsson, Josef"]
[Result "1-0"]
[WhiteElo "2109"]
[BlackElo "1710"]
[PlyCount "109"]
[EventDate "2023.07.16"]
[EventType "swiss"]
[EventRounds "9"]
[EventCountry "SRB"]
[SourceTitle "CBM 215 Extra"]
[Source "ChessBase"]
[SourceDate "2023.09.30"]
[SourceVersion "1"]
[SourceVersionDate "2023.09.30"]
[SourceQuality "1"]

1. d4 Nf6 2. c4 g6 3. Nc3 Bg7 4. e4 d6 5. Nf3 0-0 6. Be2 c5 7. 0-0 cxd4 8. Nxd4 Nc6 9. Be3 Bd7 10. h3 a6 11. a4 Qc7 12. Rc1 Nxd4 13. Bxd4 Qa5 14. b3 Qg5 15. f4 Qa5 16. e5 dxe5 17. fxe5 Nh5 18. Bxh5 gxh5 19. Nd5 Qd8 20. Bb6 Qe8 21. Nc7 Qc8 22. Nxa8 Qc6 23. Qd5 Rxa8 24. Qxc6 Bxc6 25. Rfe1 Kh8 26. Rcd1 h6 27. Rd8+ Rxd8 28. Bxd8 e6 29. Bf6 Bxf6 30. exf6 Kh7 31. a5 Kg6 32. Rf1 Be4 33. Rf2 Bd3 34. Rd2 Be4 35. b4 Kxf6 36. b5 Ke7 37. bxa6 bxa6 38. Kf2 f5 39. Kg3 e5 40. Kh4 Ba8 41. Kxh5 e4 42. Re2 Kf6 43. g3 Kg7 44. Re1 Bc6 45. Rf1 Be8+ 46. Kh4 Kg6 47. g4 Bd7 48. gxf5+ Bxf5 49. c5 Bd7 50. Rd1 Be6 51. Kg3 Kf5 52. c6 Kf6 53. c7 e3 54. Rd6 e2 55. Kf2 1-0

[Event "Belgrade Serbia op"]
[Site "Belgrade"]
[Date "2023.07.16"]
[Round "1"]
[White "Cansu, Batuhan"]
[Black "Omarsson, Josef"]
[Result "1/2-1/2"]
[WhiteElo "2043"]
[BlackElo "1710"]
[PlyCount "115"]
[EventDate "2023.07.16"]
[EventType "swiss"]
[EventRounds "9"]
[EventCountry "SRB"]
[SourceTitle "CBM 215 Extra"]
[Source "ChessBase"]
[SourceDate "2023.09.30"]
[SourceVersion "1"]
[SourceVersionDate "2023.09.30"]
[SourceQuality "1"]

1. d4 Nf6 2. Nf3 g6 3. g3 Bg7 4. Bg2 0-0 5. 0-0 d6 6. b3 b5 7. c4 bxc4 8. bxc4 c6 9. Bb2 Qb6 10. Qb3 Be6 11. Nbd2 Na6 12. Bc3 Rab8 13. Qa4 Nc7 14. e4 Qa6 15. Qxa6 Nxa6 16. Rab1 c5 17. d5 Bd7 18. a3 Ba4 19. Bh3 Nd7 20. Bxg7 Kxg7 21. Bxd7 Bxd7 22. Rxb8 Rxb8 23. Rb1 Ba4 24. Rxb8 Nxb8 25. Kf1 Nd7 26. Ke2 h6 27. h4 Kf6 28. Nh2 h5 29. f4 e6 30. Nhf1 exd5 31. exd5 Kf5 32. Ne3+ Kf6 33. Ne4+ Ke7 34. Kd3 Nf6 35. Nc3 Bd7 36. Kd2 a6 37. Kc2 Ng4 38. Nxg4 Bxg4 39. Kb3 Bd7 40. Nd1 Kf6 41. Ne3 Kg7 42. Kc3 Kf6 43. Kd3 Bc8 44. Ke4 Bd7 45. Kf3 Bc8 46. Ke2 Bd7 47. Kd3 Bc8 48. Ke2 Bd7 49. Kf3 Bc8 50. g4 hxg4+ 51. Nxg4+ Kg7 52. Ne3 Kh6 53. Kg3 Kh5 54. Nd1 Bf5 55. Nf2 f6 56. Nd1 Bd3 57. Ne3 f5 58. Kh3 1/2-1/2

[Event "Wch U12"]
[Site "Batumi"]
[Date "2022.09.27"]
[Round "11"]
[White "Gvasalia, Gaga"]
[Black "Omarsson, Josef"]
[Result "1-0"]
[WhiteElo "1320"]
[BlackElo "1540"]
[PlyCount "129"]
[EventDate "2022.09.16"]
[EventType "swiss"]
[EventRounds "11"]
[EventCountry "GEO"]
[SourceTitle "EXT 2023"]
[Source "ChessBase"]
[SourceDate "2022.10.05"]
[SourceVersion "1"]
[SourceVersionDate "2022.10.05"]
[SourceQuality "1"]

1. e4 c5 2. Nf3 Nc6 3. d4 cxd4 4. Nxd4 Nf6 5. Nc3 e5 6. Ndb5 d6 7. Bg5 a6 8. Na3 b5 9. Nd5 Be7 10. Bxf6 Bxf6 11. c3 Ne7 12. c4 Bg5 13. cxb5 0-0 14. bxa6 Qa5+ 15. Nc3 Rb8 16. Nc4 Qxa6 17. Nxe5 Qb7 18. Nc4 Be6 19. b3 d5 20. exd5 Nxd5 21. Ne4 Qb4+ 22. Ned2 Nc3 23. Qc2 Bxc4 24. Bxc4 Rbd8 25. Bd3 Rxd3 26. Qxd3 Rd8 27. Qc4 Bxd2+ 28. Kf1 Qe7 29. a4 Qf6 30. g3 Ne4 31. Qxe4 Qxa1+ 32. Kg2 Qc3 33. Rd1 g6 34. b4 Rb8 35. b5 Qa5 36. Qe5 Qa8+ 37. Kg1 Bb4 38. Rd7 Re8 39. Qd5 Qxd5 40. Rxd5 Rb8 41. Rd4 Bc5 42. Rc4 Bb6 43. Kg2 Rb7 44. f4 Kf8 45. Kf3 Re7 46. Rc8+ Kg7 47. Rc6 Rb7 48. Ke4 Ba5 49. Kd5 Bd8 50. Rc8 Ba5 51. Ra8 Bb4 52. Kc6 Re7 53. b6 Re6+ 54. Kb5 Bd6 55. a5 Kf6 56. b7 Ke7 57. a6 Re1 58. a7 Rb1+ 59. Kc6 Rc1+ 60. Kd5 Rd1+ 61. Ke4 f5+ 62. Kf3 Rd2 63. b8Q Bc5 64. Qf8+ Ke6 65. Qxc5 1-0

[Event "Prague Golden op"]
[Site "Prague"]
[Date "2022.07.17"]
[Round "9"]
[White "Mikhno, Artem"]
[Black "Omarsson, Josef"]
[Result "1-0"]
[WhiteElo "1455"]
[BlackElo "1606"]
[PlyCount "137"]
[EventDate "2022.07.09"]
[EventType "swiss"]
[EventRounds "9"]
[EventCountry "CZE"]
[SourceTitle "CBM 209 Extra"]
[Source "ChessBase"]
[SourceDate "2022.09.30"]
[SourceVersion "1"]
[SourceVersionDate "2022.09.30"]
[SourceQuality "1"]

1. d4 Nf6 2. c4 g6 3. Nc3 Bg7 4. Bg5 d6 5. Nf3 0-0 6. e3 Nbd7 7. Be2 b6 8. 0-0 h6 9. Bh4 g5 10. Bg3 Bb7 11. Qc2 Nh5 12. Nxg5 hxg5 13. Bxh5 f5 14. h3 f4 15. Bh2 e5 16. dxe5 Nxe5 17. e4 Kh8 18. Be2 g4 19. Bxg4 Nxg4 20. hxg4 Qh4 21. Qe2 Bc8 22. Rad1 Bxg4 23. f3 Be6 24. Nd5 Bxd5 25. Rxd5 Be5 26. Qe1 Qh6 27. Kf2 Rg8 28. Rh1 Rxg2+ 29. Kxg2 Rg8+ 30. Bg3 Rxg3+ 31. Qxg3 Qxh1+ 32. Kxh1 fxg3 33. Rxe5 dxe5 34. Kg2 Kg7 35. Kxg3 Kf6 36. f4 c6 37. f5 Kg5 38. b4 b5 39. c5 a6 40. a3 Kh5 41. f6 Kg6 42. Kg4 Kxf6 43. Kh5 Kf7 44. Kg5 Ke6 45. Kg6 Ke7 46. Kf5 Kf7 47. Kxe5 Ke7 48. Kf5 Kf7 49. e5 Ke7 50. e6 Ke8 51. Kf6 Kf8 52. e7+ Ke8 53. Kf5 Kxe7 54. Ke5 Kd7 55. Kf6 Kc8 56. Ke7 Kc7 57. Ke6 Kc8 58. Kd6 Kb7 59. Kd7 a5 60. bxa5 Ka6 61. Kxc6 Kxa5 62. Kd5 Ka4 63. c6 Kxa3 64. c7 b4 65. c8Q b3 66. Kc4 Ka2 67. Kc3 Kb1 68. Kxb3 Ka1 69. Qc1# 1-0

[Event "Prague Golden op"]
[Site "Prague"]
[Date "2022.07.16"]
[Round "8"]
[White "Omarsson, Josef"]
[Black "Hajiyev, Kanan"]
[Result "0-1"]
[WhiteElo "1606"]
[BlackElo "2142"]
[PlyCount "66"]
[EventDate "2022.07.09"]
[EventType "swiss"]
[EventRounds "9"]
[EventCountry "CZE"]
[SourceTitle "CBM 209 Extra"]
[Source "ChessBase"]
[SourceDate "2022.09.30"]
[SourceVersion "1"]
[SourceVersionDate "2022.09.30"]
[SourceQuality "1"]

1. d4 d5 2. Bf4 c5 3. e3 cxd4 4. exd4 Nc6 5. Nf3 Bg4 6. Be2 Qb6 7. Nc3 Nf6 8. Nb5 Rc8 9. 0-0 Bxf3 10. gxf3 a6 11. Nc7+ Rxc7 12. Bxc7 Qxc7 13. c3 e6 14. Qd2 Bd6 15. h3 0-0 16. Kh1 Bf4 17. Qd3 Qe7 18. Rg1 Nh5 19. Bd1 Bc7 20. Bc2 f5 21. Rae1 Qd6 22. f4 Rf6 23. Rg5 Qxf4 24. Rg2 Rg6 25. Reg1 Ne7 26. Bd1 Nf6 27. Qe2 Ne4 28. Qf3 Qd2 29. Qe2 Qf4 30. Qf3 Qh4 31. Rxg6 Nxg6 32. Qh5 Nxf2+ 33. Kg2 Nf4+ 0-1

[Event "Prague Golden Blitz op 17th"]
[Site "Prague"]
[Date "2022.07.16"]
[Round "10"]
[White "Omarsson, Josef"]
[Black "Tochacek, Michal"]
[Result "1/2-1/2"]
[WhiteElo "1374"]
[BlackElo "1859"]
[PlyCount "113"]
[EventDate "2022.07.16"]
[EventType "swiss (blitz)"]
[EventRounds "11"]
[EventCountry "CZE"]
[SourceTitle "CBM 209 Extra"]
[Source "ChessBase"]
[SourceDate "2022.09.30"]
[SourceVersion "1"]
[SourceVersionDate "2022.09.30"]
[SourceQuality "1"]

1. d4 d5 2. Bf4 c6 3. e3 Bf5 4. Nf3 h6 5. Be2 Nd7 6. 0-0 e6 7. c4 Ngf6 8. Nc3 Bb4 9. cxd5 exd5 10. a3 Ba5 11. b4 Bc7 12. Bxc7 Qxc7 13. b5 0-0 14. Rc1 Qd6 15. bxc6 bxc6 16. Qa4 Nb6 17. Qb4 Qxb4 18. axb4 Rfc8 19. Ne5 Nfd7 20. Nxd7 Bxd7 21. Ba6 Re8 22. b5 Bc8 23. Bxc8 Raxc8 24. bxc6 Rxc6 25. Nb5 Rxc1 26. Rxc1 Rc8 27. Rxc8+ Nxc8 28. Kf1 Kf8 29. Ke2 Ke7 30. Kd3 a6 31. Nc7 a5 32. Nxd5+ Kd6 33. Nc3 Nb6 34. e4 f6 35. f4 g5 36. e5+ Ke6 37. exf6 Kxf6 38. fxg5+ hxg5 39. Ne4+ Kf5 40. Nd6+ Kf4 41. Nc4 Nxc4 42. Kxc4 a4 43. d5 Ke5 44. Kc5 a3 45. d6 a2 46. d7 a1Q 47. d8Q Qc3+ 48. Kb5 Qb2+ 49. Kc5 Qxg2 50. Qe7+ Kf5 51. Qf7+ Kg4 52. Qe6+ Kh4 53. Qh6+ Kg4 54. Qe6+ Kh5 55. Qf7+ Kh4 56. Qh7+ Kg4 57. Qd7+ 1/2-1/2

[Event "Prague Golden Blitz op 17th"]
[Site "Prague"]
[Date "2022.07.16"]
[Round "1"]
[White "Ptacnikova, Lenka"]
[Black "Omarsson, Josef"]
[Result "1-0"]
[WhiteElo "1905"]
[BlackElo "1374"]
[PlyCount "77"]
[EventDate "2022.07.16"]
[EventType "swiss (blitz)"]
[EventRounds "11"]
[EventCountry "CZE"]
[SourceTitle "CBM 209 Extra"]
[Source "ChessBase"]
[SourceDate "2022.09.30"]
[SourceVersion "1"]
[SourceVersionDate "2022.09.30"]
[SourceQuality "1"]

1. e4 c5 2. Nc3 Nf6 3. f4 d6 4. Nf3 Nc6 5. Bb5 Bd7 6. d3 g6 7. 0-0 Bg7 8. Kh1 0-0 9. Be3 a6 10. Ba4 b5 11. Bb3 Ng4 12. Bg1 e5 13. h3 Nf6 14. fxe5 Nxe5 15. Nxe5 dxe5 16. Bxc5 Re8 17. Nd5 Nxd5 18. Bxd5 Rc8 19. Bxf7+ Kh8 20. Bxe8 Qxe8 21. Be3 Rc7 22. Rf2 Qc8 23. c3 Bxh3 24. Qf3 Bg4 25. Qg3 Be6 26. a4 bxa4 27. Rxa4 Bb3 28. Rb4 Be6 29. Rb6 Qd7 30. d4 exd4 31. Bxd4 Bxd4 32. Rb8+ Kg7 33. cxd4 Qxd4 34. Qxc7+ Kh6 35. Qf4+ Kh5 36. Qh2+ Kg5 37. Qg3+ Bg4 38. Qf4+ Kh5 39. Kh2 1-0

[Event "Prague Golden Blitz op 17th"]
[Site "Prague"]
[Date "2022.07.16"]
[Round "3"]
[White "Zvacek, Antonin"]
[Black "Omarsson, Josef"]
[Result "0-1"]
[WhiteElo "1704"]
[BlackElo "1374"]
[PlyCount "85"]
[EventDate "2022.07.16"]
[EventType "swiss (blitz)"]
[EventRounds "11"]
[EventCountry "CZE"]
[SourceTitle "CBM 209 Extra"]
[Source "ChessBase"]
[SourceDate "2022.09.30"]
[SourceVersion "1"]
[SourceVersionDate "2022.09.30"]
[SourceQuality "1"]

1. c4 Nf6 2. g3 g6 3. Bg2 Bg7 4. Nc3 0-0 5. e4 d6 6. Nge2 c5 7. 0-0 Nc6 8. d4 cxd4 9. Nxd4 Nxd4 10. Qxd4 Nd7 11. Qd3 Ne5 12. Qe2 Bg4 13. f3 Be6 14. b3 Nxc4 15. bxc4 Bxc3 16. Rb1 Qc7 17. Bh6 Rfd8 18. Qc2 Qxc4 19. Kh1 b6 20. Rfc1 Rac8 21. Bf1 Qc5 22. Ba6 Rc7 23. Qe2 Qa5 24. a4 Ba2 25. Qxa2 Qxa6 26. Qb3 Qc4 27. Qa3 Qc5 28. Qb3 Rdc8 29. Rf1 Bg7 30. Bxg7 Kxg7 31. f4 Qc4 32. Qb2+ Kg8 33. Qg2 Qxa4 34. f5 Rc2 35. Qf3 R8c3 36. Qg4 Qa2 37. Qh3 Qc4 38. fxg6 Qxe4+ 39. Kg1 hxg6 40. Rbe1 Re2 41. Rxe2 Qxe2 42. Qh4 Qh5 43. Qxe7 0-1

[Event "Prague Golden op"]
[Site "Prague"]
[Date "2022.07.15"]
[Round "7"]
[White "Sovany, Attila"]
[Black "Omarsson, Josef"]
[Result "0-1"]
[WhiteElo "1817"]
[BlackElo "1606"]
[PlyCount "88"]
[EventDate "2022.07.09"]
[EventType "swiss"]
[EventRounds "9"]
[EventCountry "CZE"]
[SourceTitle "CBM 209 Extra"]
[Source "ChessBase"]
[SourceDate "2022.09.30"]
[SourceVersion "1"]
[SourceVersionDate "2022.09.30"]
[SourceQuality "1"]

1. e4 c5 2. d4 cxd4 3. c3 d3 4. Bxd3 Nc6 5. Nf3 g6 6. 0-0 Bg7 7. Be3 Nf6 8. Nd4 0-0 9. f4 d5 10. Nxc6 bxc6 11. e5 Bg4 12. Qa4 Ne8 13. Qxc6 Nc7 14. Qa4 f6 15. exf6 exf6 16. f5 Bxf5 17. Bxf5 gxf5 18. Rxf5 Qe7 19. Qf4 Rfe8 20. Bd4 Ne6 21. Qf2 Nxd4 22. Qxd4 Bh6 23. Qg4+ Kh8 24. Rf1 Qe3+ 25. Kh1 Rab8 26. b3 Qd3 27. Qd1 Qxd1 28. Rxd1 Re2 29. Na3 Bf8 30. b4 a5 31. Rxd5 axb4 32. cxb4 Rxb4 33. Nb5 Rxa2 34. Rc1 Rc2 35. Ra1 Rbb2 36. Nd6 Rxg2 37. Nf5 Rxh2+ 38. Kg1 Rbg2+ 39. Kf1 Rh1+ 40. Kxg2 Rxa1 41. Kf3 Kg8 42. Rd7 Rf1+ 43. Ke4 Re1+ 44. Kd5 Re5+ 0-1

[Event "Prague Golden op"]
[Site "Prague"]
[Date "2022.07.11"]
[Round "3"]
[White "Omarsson, Josef"]
[Black "Omarsson, Adam"]
[Result "1/2-1/2"]
[WhiteElo "1606"]
[BlackElo "1794"]
[PlyCount "41"]
[EventDate "2022.07.09"]
[EventType "swiss"]
[EventRounds "9"]
[EventCountry "CZE"]
[SourceTitle "CBM 209 Extra"]
[Source "ChessBase"]
[SourceDate "2022.09.30"]
[SourceVersion "1"]
[SourceVersionDate "2022.09.30"]
[SourceQuality "1"]

1. d4 Nf6 2. Bf4 g6 3. e3 Bg7 4. Nf3 0-0 5. Be2 c5 6. 0-0 cxd4 7. exd4 d5 8. c3 Nc6 9. Nbd2 a6 10. a4 Bd7 11. Ne5 Nxe5 12. Bxe5 Ne8 13. Bxg7 Kxg7 14. Nf3 f6 15. Re1 Nd6 16. Bd3 e6 17. Qe2 Rc8 18. Ng5 fxg5 19. Qe5+ Qf6 20. Qxd6 Rcd8 21. Qg3 1/2-1/2

[Event "Reykjavik Kvika op"]
[Site "Reykjavik"]
[Date "2022.04.12"]
[Round "9"]
[White "Steiners, Emils"]
[Black "Omarsson, Josef"]
[Result "1-0"]
[WhiteElo "1731"]
[BlackElo "1352"]
[PlyCount "63"]
[EventDate "2022.04.06"]
[EventType "swiss"]
[EventRounds "9"]
[EventCountry "ISL"]
[SourceTitle "CBM 207 Extra"]
[Source "ChessBase"]
[SourceDate "2022.05.31"]
[SourceVersion "1"]
[SourceVersionDate "2022.05.31"]
[SourceQuality "1"]

1. e4 c5 2. d4 cxd4 3. c3 dxc3 4. Nxc3 Nc6 5. Bc4 d6 6. Nf3 a6 7. 0-0 Nf6 8. Qe2 Bg4 9. Rd1 Bxf3 10. Qxf3 Ne5 11. Qe2 Nxc4 12. Qxc4 Rc8 13. Qe2 Qc7 14. Bf4 e5 15. Bg5 Be7 16. Rac1 Qd8 17. Bxf6 Bxf6 18. Nd5 Rxc1 19. Rxc1 0-0 20. h3 Bg5 21. Rc7 Qb8 22. Qg4 Bd2 23. Qd7 Bg5 24. g3 Qa7 25. h4 Bd8 26. Rc8 g6 27. Rxd8 Qd4 28. Rxf8+ Kxf8 29. Qxd6+ Kg7 30. Qf6+ Kg8 31. Qg5 Qxe4 32. Nf6+ 1-0

[Event "Reykjavik Kvika op"]
[Site "Reykjavik"]
[Date "2022.04.11"]
[Round "8"]
[White "Omarsson, Josef"]
[Black "Smith, Lynda"]
[Result "1/2-1/2"]
[WhiteElo "1352"]
[BlackElo "1772"]
[PlyCount "82"]
[EventDate "2022.04.06"]
[EventType "swiss"]
[EventRounds "9"]
[EventCountry "ISL"]
[SourceTitle "CBM 207 Extra"]
[Source "ChessBase"]
[SourceDate "2022.05.31"]
[SourceVersion "1"]
[SourceVersionDate "2022.05.31"]
[SourceQuality "1"]

1. d4 f5 2. Bf4 Nf6 3. e3 g6 4. h4 h6 5. Qf3 Nh5 6. Be5 Bg7 7. Bxg7 Nxg7 8. Qg3 Kf7 9. Nf3 d6 10. Bc4+ e6 11. Nc3 Nh5 12. Qh2 c6 13. 0-0-0 b5 14. Bd3 b4 15. Ne2 Ba6 16. Nf4 Nxf4 17. Qxf4 Bxd3 18. Rxd3 Na6 19. g4 Kg7 20. gxf5 exf5 21. h5 g5 22. Qxf5 Qf6 23. Qd7+ Qf7 24. Qxc6 Qxa2 25. Qb7+ Qf7 26. Qxf7+ Kxf7 27. Nh2 Nc7 28. Ng4 Ne6 29. e4 Nf4 30. Rf3 a5 31. Kd2 Kg7 32. Ne3 Rhd8 33. Nf5+ Kh7 34. Ng3 Rdc8 35. b3 a4 36. bxa4 Rxa4 37. Rb3 Rc4 38. Nf5 Ne6 39. Kd3 Rc6 40. Kd2 Rc4 41. Kd3 Rc6 1/2-1/2

[Event "Reykjavik Kvika op"]
[Site "Reykjavik"]
[Date "2022.04.10"]
[Round "7"]
[White "Koes, Richard"]
[Black "Omarsson, Josef"]
[Result "1/2-1/2"]
[WhiteElo "1807"]
[BlackElo "1352"]
[PlyCount "125"]
[EventDate "2022.04.06"]
[EventType "swiss"]
[EventRounds "9"]
[EventCountry "ISL"]
[SourceTitle "CBM 207 Extra"]
[Source "ChessBase"]
[SourceDate "2022.05.31"]
[SourceVersion "1"]
[SourceVersionDate "2022.05.31"]
[SourceQuality "1"]

1. Nc3 Nf6 2. e4 d6 3. d4 g6 4. f4 Bg7 5. Nf3 0-0 6. Be2 c5 7. d5 e6 8. 0-0 exd5 9. exd5 a6 10. a4 Bg4 11. h3 Bxf3 12. Bxf3 Nbd7 13. g4 Rb8 14. Qe1 b5 15. axb5 axb5 16. Qg3 b4 17. Ne2 Nb6 18. Qg2 Ra8 19. Rxa8 Qxa8 20. Rd1 Qa2 21. Ng3 Re8 22. f5 Nc4 23. g5 Nd7 24. f6 Bf8 25. b3 Ne3 26. Bxe3 Rxe3 27. Qf2 Re8 28. Be4 Qb2 29. Rd2 Ne5 30. Kg2 Qc3 31. Qf4 Nd7 32. Rf2 Qd4 33. h4 Ne5 34. Rd2 Qa1 35. Rf2 Qd1 36. Kh3 Qa1 37. h5 Qc3 38. hxg6 hxg6 39. Kg2 Qb2 40. Rf1 Ra8 41. Rh1 Ra1 42. Nf1 Re1 43. Qh4 Re2+ 44. Kh3 Qc3+ 45. Ng3 Qe3 46. Rf1 Rd2 47. Qf4 Qc3 48. Rf2 Rd1 49. Kg2 Qb2 50. Rf1 Rxf1 51. Nxf1 c4 52. Ne3 cxb3 53. Nd1 Qa1 54. cxb3 Qxd1 55. Qe3 Qg4+ 56. Kf2 Qh4+ 57. Ke2 Qh2+ 58. Kd1 Qa2 59. Bc2 Qa1+ 60. Ke2 Qh1 61. Be4 Qh5+ 62. Kd2 Ng4 63. Qf4 1/2-1/2

[Event "Reykjavik Kvika op"]
[Site "Reykjavik"]
[Date "2022.04.08"]
[Round "4"]
[White "Omarsson, Josef"]
[Black "Solnicki, Michal"]
[Result "0-1"]
[WhiteElo "1352"]
[BlackElo "2182"]
[PlyCount "126"]
[EventDate "2022.04.06"]
[EventType "swiss"]
[EventRounds "9"]
[EventCountry "ISL"]
[SourceTitle "CBM 207 Extra"]
[Source "ChessBase"]
[SourceDate "2022.05.31"]
[SourceVersion "1"]
[SourceVersionDate "2022.05.31"]
[SourceQuality "1"]

1. d4 Nf6 2. Bf4 g6 3. e3 Bg7 4. Nf3 0-0 5. Be2 d6 6. 0-0 Nbd7 7. c4 c6 8. Nc3 Qc7 9. c5 Nh5 10. cxd6 exd6 11. Bg5 h6 12. Bh4 Bf6 13. Bxf6 Ndxf6 14. Nd2 d5 15. Rc1 Ng7 16. Bf3 Rd8 17. Qb3 Ne6 18. Ndb1 Qd6 19. Na4 b6 20. Qc3 Bd7 21. b4 Rdb8 22. Nd2 a5 23. bxa5 Rxa5 24. Qc2 b5 25. Nc3 Rba8 26. Nb3 Ra3 27. Ra1 Be8 28. Nb1 R3a6 29. N1d2 Ng5 30. Nc5 R6a7 31. Be2 Nd7 32. Ndb3 Nb6 33. h3 Re7 34. Bd3 f5 35. Rfe1 Bf7 36. Rac1 Rea7 37. Ra1 Ne4 38. Nxe4 dxe4 39. Be2 Nd5 40. Rec1 Nb4 41. Qd1 Nxa2 42. Rc5 Ra3 43. Nd2 Nc3 44. Rxa3 Rxa3 45. Qe1 Nxe2+ 46. Qxe2 Ra1+ 47. Nf1 Bc4 48. Rxc4 bxc4 49. Qxc4+ Qd5 50. Qc3 Rb1 51. Qa3 Qb5 52. Qd6 Rxf1+ 53. Kh2 Qd5 54. Qxg6+ Kf8 55. Qxh6+ Ke7 56. Qg7+ Qf7 57. Qe5+ Kd7 58. Qa5 Qd5 59. Qa7+ Ke6 60. Qh7 Qd6+ 61. g3 Rxf2+ 62. Kh1 Qxg3 63. Qh6+ Kd5 0-1

[Event "Reykjavik Blitz op"]
[Site "Reykjavik"]
[Date "2022.01.29"]
[Round "5"]
[White "Hauksdottir, Hrund"]
[Black "Omarsson, Josef"]
[Result "1-0"]
[WhiteElo "1737"]
[BlackElo "1185"]
[PlyCount "57"]
[EventDate "2022.01.29"]
[EventType "swiss (blitz)"]
[EventRounds "11"]
[EventCountry "ISL"]
[SourceTitle "CBM 206 Extra"]
[Source "ChessBase"]
[SourceDate "2022.03.31"]
[SourceVersion "1"]
[SourceVersionDate "2022.03.31"]
[SourceQuality "1"]

1. e4 c5 2. Nc3 Nc6 3. f4 e5 4. f5 Nf6 5. Nf3 d5 6. d3 dxe4 7. dxe4 Qxd1+ 8. Kxd1 Be7 9. Bb5 Bd7 10. Re1 Bd6 11. Bg5 a6 12. Bc4 b5 13. Bd5 Nxd5 14. Nxd5 f6 15. Be3 0-0 16. c3 Be8 17. Kc2 Bf7 18. Red1 Rad8 19. a4 Bxd5 20. Rxd5 Ne7 21. Rd2 Nc6 22. axb5 axb5 23. Ra6 Nb8 24. Raxd6 Rxd6 25. Rxd6 Re8 26. Bxc5 Rc8 27. b4 Nc6 28. Nd2 Nb8 29. Nb3 1-0

[Event "Reykjavik Blitz op"]
[Site "Reykjavik"]
[Date "2022.01.29"]
[Round "4"]
[White "Omarsson, Josef"]
[Black "Gunnarsson, Helgi Petur"]
[Result "1-0"]
[WhiteElo "1185"]
[BlackElo "1746"]
[PlyCount "55"]
[EventDate "2022.01.29"]
[EventType "swiss (blitz)"]
[EventRounds "11"]
[EventCountry "ISL"]
[SourceTitle "CBM 206 Extra"]
[Source "ChessBase"]
[SourceDate "2022.03.31"]
[SourceVersion "1"]
[SourceVersionDate "2022.03.31"]
[SourceQuality "1"]

1. d4 Nf6 2. Bf4 c6 3. e3 Qb6 4. Nd2 g6 5. Bd3 Nh5 6. Be5 f6 7. Bg3 Nxg3 8. hxg3 Qxb2 9. Bxg6+ Kd8 10. Bd3 d6 11. Ngf3 h6 12. Rb1 Qxa2 13. Bc4 Qa5 14. 0-0 d5 15. Bd3 Qc7 16. c4 Be6 17. cxd5 Bxd5 18. Bc4 e6 19. Bxd5 exd5 20. Qb3 b6 21. e4 dxe4 22. Nxe4 Nd7 23. Qe6 Be7 24. Rfc1 c5 25. dxc5 Nxc5 26. Nxc5 Bxc5 27. Rd1+ Bd6 28. Rxd6+ 1-0

[Event "Reykjavik Blitz op"]
[Site "Reykjavik"]
[Date "2022.01.29"]
[Round "9"]
[White "Omarsson, Josef"]
[Black "Heidarsson, Mikael Bjarki"]
[Result "0-1"]
[WhiteElo "1185"]
[BlackElo "1535"]
[PlyCount "68"]
[EventDate "2022.01.29"]
[EventType "swiss (blitz)"]
[EventRounds "11"]
[EventCountry "ISL"]
[SourceTitle "CBM 206 Extra"]
[Source "ChessBase"]
[SourceDate "2022.03.31"]
[SourceVersion "1"]
[SourceVersionDate "2022.03.31"]
[SourceQuality "1"]

1. d4 c5 2. Bf4 cxd4 3. Qxd4 d6 4. Nf3 e5 5. Bxe5 dxe5 6. Qxd8+ Kxd8 7. Nxe5 Be6 8. Nc3 Bd6 9. 0-0-0 Ke7 10. Nf3 Nf6 11. Nb5 Rd8 12. e3 a6 13. Nxd6 Rxd6 14. Rxd6 Kxd6 15. Be2 Nc6 16. Rd1+ Ke7 17. a3 Rd8 18. Nd4 Nxd4 19. exd4 Ne4 20. f3 Nd6 21. Bd3 Nf5 22. c3 Nd6 23. Re1 Kf6 24. h4 Bf5 25. Bf1 Re8 26. Rd1 h5 27. Kd2 Be6 28. Re1 Re7 29. Be2 Bc4 30. Bxc4 Nxc4+ 31. Kd1 Nxb2+ 32. Kd2 Nc4+ 33. Kd1 Rxe1+ 34. Kxe1 Nxa3 0-1

[Event "Reykjavik Blitz op"]
[Site "Reykjavik"]
[Date "2022.01.29"]
[Round "3"]
[White "Omarsson, Josef"]
[Black "Ptacnikova, Lenka"]
[Result "0-1"]
[WhiteElo "1185"]
[BlackElo "2173"]
[PlyCount "48"]
[EventDate "2022.01.29"]
[EventType "swiss (blitz)"]
[EventRounds "11"]
[EventCountry "ISL"]
[SourceTitle "CBM 206 Extra"]
[Source "ChessBase"]
[SourceDate "2022.03.31"]
[SourceVersion "1"]
[SourceVersionDate "2022.03.31"]
[SourceQuality "1"]

1. d4 Nf6 2. Bf4 c5 3. e3 e6 4. Nf3 Qb6 5. Nbd2 cxd4 6. exd4 d5 7. Bd3 Nc6 8. c3 Qxb2 9. Rc1 Qb6 10. Ne5 Nxe5 11. dxe5 Nd7 12. Nf3 Nc5 13. Bc2 Bd7 14. Rb1 Qa6 15. Nd4 Be7 16. Qf3 Ba4 17. Bxa4+ Nxa4 18. Nb5 Rc8 19. 0-0 0-0 20. Rfc1 Nc5 21. Nd4 Ne4 22. Rc2 Rc4 23. Ne2 Rfc8 24. Rb3 b6 0-1